Strengthening Company Management Through Partial Managerial Activities

V snahe zlepšiť manažment je potrebné sa pozrieť na manažérsky model implementovaný manažérom na úrovni riadenia celej spoločnosti alebo na úrovni riadenia vnútornej organizačnej jednotky v rámci spoločnosti.

Saved in:
Bibliographic Details
Main Author: Jacková, Anna
Format: Book Chapter
Language:English
Subjects:
Tags: Add Tag
No Tags, Be the first to tag this record!

MARC

LEADER 00000nla a2200000 4500
001 0246791
005 20240417075142.7
041 0 |a eng 
044 |a CZ 
245 1 0 |a Strengthening Company Management Through Partial Managerial Activities  |c Anna Jacková 
520 |a V snahe zlepšiť manažment je potrebné sa pozrieť na manažérsky model implementovaný manažérom na úrovni riadenia celej spoločnosti alebo na úrovni riadenia vnútornej organizačnej jednotky v rámci spoločnosti. 
610 2 0 |a manažment 
610 2 0 |a riadenie 
610 2 0 |a riadenie podnikové 
610 2 0 |a procesy rozhodovacie 
610 2 0 |a zdroje ľudské 
610 2 0 |a kontrola 
610 2 0 |a plánovanie 
100 1 |a Jacková, Anna